01333nam a22003497a 4500003000500000005001700005008004100022010000900063011000900072035000900081040000900090090001000099100004400109245011200153260004000265300002900305502007700334590003700411590004100448590004100489590004100530590004100571590004100612590004200653650004800695650003700743901000700780942001000787949004400797999001500841952012700856CHAP20220329133557.0971013s1993 r 00010 d a8106 a9078 a8312 cCHAP aTesis00aHernández González, Paulina.954076 aPropagación vegetativa de tejocote (Crataegus pubescens H.B.K.) por medio de acodos de cepa (Montículo) aChapingo, Méx. :bEl autor,c1993 a56 h.b: ilus. ; gráfs aTesis (Ing. Agr. Esp. en Fitotecnia) -- UACH. Departamento de Fitotecnia aALEPHb10c20130110lUCH01h1221 aBATCH-UPDb10c20130109lUCH01h2333 aBATCH-UPDb10c20130110lUCH01h1644 aBATCH-UPDb10c20130409lUCH01h1859 aBATCH-UPDb10c20130410lUCH01h1034 aBATCH-UPDb10c20130914lUCH01h1943 aCONVERSIONb10c20130109lUCH01h130614aPropagación de árboles frutales.99241514aTejocotexPropagación.9112066 aBK cTESIS bBCcTESd-18491eTS1h26050i8312mDsi c8106d8106 00102local4051708TESISaBCbBCcPA_TESISd2019-12-31fTESISl0oTesisp-18491r2019-12-31 00:00:00w2019-12-31yTESIS